China se avecina: la re-evolución de una potencia emergente

Salvato in:
Dettagli Bibliografici
Autore principale: Cesarin, Sergio (Autore)
Natura: Libro
Lingua:spagnolo
Pubblicazione: Buenos Aires Capital Intelectual 2006
Edizione:1a. ed
Serie:Claves para Todos
Soggetti:
Tags: Aggiungi Tag
Nessun Tag, puoi essere il primo ad aggiungerne!!

MARC

LEADER 00000nam a2200000 a 4500
001 UCI9378
003 CL-VaPUC
008 081113e20060000AG |||||||||||||||||spa|d
020 |a 9871181906 
082 0 4 |a 330.951  |b CES  |2 21 
100 0 |a Cesarin, Sergio  |e author  |9 533121 
245 1 0 |a China se avecina: la re-evolución de una potencia emergente 
250 |a 1a. ed 
300 |a 133 p 
942 |c BK 
945 |d 20081113 00:00:00  |a rbrito 
260 |a Buenos Aires  |b Capital Intelectual  |c 2006 
650 0 |a Economía   |9 255568 
650 0 |a Desarrollo económico  |9 259599 
650 0 |a Cambio social   |9 256857 
651 0 |a China   |9 257545 
583 |a last modification  |c 20081113 00:00:00  |k Rodrigo Vera 
490 0 |a Claves para Todos 
999 |c 331936  |d 331934 
952 |0 0  |1 0  |4 0  |6 330_951000000000000_CES_2006  |7 0  |8 A  |9 419179  |a BIBCUR  |b BIBCUR  |d 2019-11-22  |i 4495918  |o 330.951 CES 2006  |p 4495918  |r 2025-04-22  |w 2019-11-22  |y BK  |k MGC